| 000 | 01048nam a2200181 a 4500 | ||
|---|---|---|---|
| 001 | 48025 | ||
| 005 | 20180714032201.0 | ||
| 008 | 140415s1980 mx 000 0 spa d | ||
| 041 | _aspa | ||
| 082 |
_a917.274 _bSEA |
||
| 100 | 1 | _aSEARGEANT, HELEN H. | |
| 245 | 1 | 0 | _aSAN ANTONIO NEXAPA |
| 250 | _a2a ed. | ||
| 260 |
_aMEXICO : _bINDETERMINADO, _c1980 |
||
| 300 |
_a175 _c15.6 x 2.4 x 19.5 |
||
| 520 | _aEN MÉXICO, EN EL ESTADO DE CHIAPAS, SE ENCUENTRA UNA LINDA Y PEQUÑA CIUDAD LLAMADA TAPACULO, DONDE LA MAYOR PARTE DE LA SERRANÍA DE LA VERTIENTE DEL PACÍFICO, CON ALTURA INFERIROR A LOS 1,500 METROS CUBIERTA POR UNA DESNAS FLORA TROPICAL Y LÍNEA DE CERROS Y FALDAS A LO LARGO DE LA SIERRA DONDE SE FORMA LA FAJA DEL CAFÉ, EN UNA DE ESAS CAÑADAS, CERCA DEL SUROESTE DEL MONTE TACANÁ ESTÁ SITUADA UNA PLANTACIÓN DE CAFÉ QUE LLEVA EL NOMBRE DE SAN ANTONIO NEXAPA. ESTÉ LIBRO NOS RELATA LA | ||
| 650 | 1 | 4 |
_aSAN ANTONIO NEXAPA, CHIAPAS (PLANTACIN DE CAF) _xCHIAPAS _xVIDA SOCIAL Y COSTUMBRES _xCHIAPAS _xCONDICIONES SOCIALES |
| 999 |
_c48025 _d48025 |
||